00562nam a2200181 a 45000010010000000030011000100080041000210350026000620820014000881000020001022450035001222600062001576500024002199420012002439520090002559980020003459990015003650000-8965ELIB.Books110520 1940  a(ELIB.Books)0000-9114 a268 bVan aVan Ness, I. J. aTraining in the Baptist Spirit bNashville: Sunday School Board of the Southern B.C c1940 aChristian Education 2ddccBK 00102ddc4070aKBTSbKBTSd2011-05-20l0p2758r2022-01-22 00:00:00w2022-01-22yBK cbate2011-05-20 c8965d8965